Fire in the Answers - Statistics

General Stats
  • This quiz has been taken 83,795 times
    20,670 since last reset
  • The average score is 13 of 18
Answer Stats
Clue Answer % Correct
Something you might see on July 4th Fireworks
95%
Protects a computer network Firewall
92%
Also known as a lightning bug or glow worm Firefly
88%
Liar liar ... Pants on fire
88%
Accidentally shooting at your own forces Friendly fire
85%
Chestnuts roasting on an ____ ____ Open fire
84%
Volcanic area surrounding the Pacific Ring of Fire
83%
Fourth Harry Potter book Goblet of Fire
82%
Movie starring Robin Williams as a British nanny Mrs. Doubtfire
77%
Better than fire resistant Fireproof
74%
Malfunction of a gun Misfire
73%
Shout this after throwing a grenade? Fire in the hole!
69%
Informal version of an armistice Ceasefire
66%
Event with extremely low prices Fire sale
65%
Urinal for dogs? Fire hydrant
58%
British fighter plane used in WWII Spitfire
52%
Napalm-like substance used by the Byzantines Greek fire
32%
Stravinsky ballet The Firebird
20%
No matching quizzes found
Score Distribution
Percent of People with Each Score
Percentile by Number Answered
Your Score History
You have not taken this quiz since the last reset